000 00410nam a22001457a 4500
020 _qPB.
040 _cFIZZA ISHAQ
082 _a327
_bJAC
100 _aCOURTNEY,JACEY.
_9133155
245 _aINTERNATIONAL POLITICS POWER AND PURPOSE IN GLOBAL AFFAIRS /
_cPAUL D'ANIERI.
250 _a2ND ED.
260 _aCANADA ;
_bWADSWORTH CENGAGE LEARNING ,
_c2012.
300 _a479 P. ;
_c9.8X7.9IN
942 _2ddc
_cBK
999 _c616176
_d616176